000 00335nam a2200145Ia 4500
005 20251222141811.0
008 251222s9999||||xx |||||||||||||| ||spa||
020 _a8432119342
082 _a252.02/E79
100 _aEscrivá de Balaguer, Josemaría
245 0 _aAmigos de Dios
250 _a9va.ed.
264 _bRialp
942 _cLIB
999 _c6480
_d6480